Come hell or high water (Record no. 67476)

MARC details
000 -LEADER
fixed length control field 01124cam a2200265 4500
001 - CONTROL NUMBER
control field ABS64157
008 - FIXED-LENGTH DATA ELEMENTS--GENERAL INFORMATION
fixed length control field 000000n2001 000 0 eng u
035 ## - SYSTEM CONTROL NUMBER
System control number (Sirsi) u113275
100 ## - MAIN ENTRY--PERSONAL NAME
Personal name McNally, R.
245 ## - TITLE STATEMENT
Title Come hell or high water
260 ## - PUBLICATION, DISTRIBUTION, ETC.
Date of publication, distribution, etc. 2001
490 ## - SERIES STATEMENT
Series statement Estates Gazette
Volume/sequential designation (0123) 9 June 2001, 150-151(2)
520 ## - SUMMARY, ETC.
Summary, etc. The second half of a two part article considering the issues faced by tenants when their property is insured under the landlords policy. Covers insured risks, the reinstatement of insured damage, subrogation waivers, insurable interest and frustration, concluding that tenants paying insurance premiums under modern leases are likely to be protected to some degree but that it is rare that insurance is given appropriate attention in lease negotiations. Case law.
590 ## - LOCAL NOTE (RLIN)
Local note ABS
650 ## - SUBJECT ADDED ENTRY--TOPICAL TERM
Topical term or geographic name entry element FRUSTRATION
650 ## - SUBJECT ADDED ENTRY--TOPICAL TERM
Topical term or geographic name entry element INSURABLE INTERESTS
650 ## - SUBJECT ADDED ENTRY--TOPICAL TERM
Topical term or geographic name entry element INSURED RISK
650 ## - SUBJECT ADDED ENTRY--TOPICAL TERM
Topical term or geographic name entry element LANDLORDS INSURANCE
650 ## - SUBJECT ADDED ENTRY--TOPICAL TERM
Topical term or geographic name entry element PROPERTY INSURANCE
650 ## - SUBJECT ADDED ENTRY--TOPICAL TERM
Topical term or geographic name entry element REINSTATEMENT
650 ## - SUBJECT ADDED ENTRY--TOPICAL TERM
Topical term or geographic name entry element TENANTS COMPENSATION
690 ## - LOCAL SUBJECT ADDED ENTRY--TOPICAL TERM (OCLC, RLIN)
Topical term or geographic name as entry element Insurance
9 (RLIN) 6249
700 ## - ADDED ENTRY--PERSONAL NAME
Personal name Robinson, R.
942 ## - ADDED ENTRY ELEMENTS (KOHA)
Suppress in OPAC 0
Holdings
Withdrawn status Lost status Source of classification or shelving scheme Damaged status Not for loan Home library Current library Shelving location Date acquired Total Checkouts Full call number Barcode Date last seen Copy number Price effective from Koha item type
    Dewey Decimal Classification     London London Journal article 26/06/2001   ABS64157 113275-1001 06/08/2019 1 06/08/2019 Journal article